Logo BPK

Biblioteka

Politechniki Koszalińskiej

Focus on grammar : (Rekord nr 43030)

Szczegóły MARC
000 -ETYKIETA REKORDU
podpole kontrolne o stałej długości 00694nam a2200229 i 4500
001 - NUMER KONTROLNY REKORDU
pole kontrolne bg
020 ## - MIĘDZYNARODOWY ZNORMALIZOWANY NUMER KSIĄŻKI - ISBN
ISBN 0201383136
040 ## - ŹRÓDŁO KATALOGOWANIA
Instytucja, która utworzyła rekord BPK
041 0# - KOD JĘZYKA
Kod języka tekstu eng
080 ## - UNIWERSALNA KLASYFIKACJA DZIESIĘTNA - UKD
UKD 811.111'36(07)
920 ## - Międzynarodowy znormalizowany numer książki – ISBN
ISBN 0-201-38313-6
008 - POLE O STAŁEJ DŁUGOŚCI - DANE KONTROLNE
podpole kontrolne o stałej długości s pl f |000 0 pol
100 1# - NAZWA OSOBOWA
Nazwa osobowa MAURER, Jay
245 10 - TYTUŁ/ODPOWIEDZIALNOŚĆ
Tytuł Focus on grammar :
Ciąg dalszy tytułu an advanced course for reference and practice : teacher's manual /
Pozostałe elementy strefy tytułu i oznaczenia odpowiedzialności Jay Maurer.
250 ## - STREFA WYDANIA
Oznaczenie wydania 2nd ed.
260 ## - STREFA ADRESU WYDAWNICZEGO
Miejsce wydania White Plains :
Nazwa wydawcy/dystrybutora Longman :
-- Pearson Education,
Data publikacji, dystrybucji/powstania dokumentu cop.2000.
300 ## - STREFA OPISU FIZYCZNEGO
Objętość V, 277 s. ;
Rozmiary 28 cm.
650 #9 - HASŁO PRZEDMIOTOWE W FORMIE NAZWY OGÓLNEJ LUB JEDNOSTKOWEJ
Nazwa ogólna lub geograficzna Język angielski
Określnik ogólny gramatyka
655 ## - TERMIN INDEKSOWY - OKREŚLENIE RODZAJU/FORMY DOKUMENTU
Określenie rodzaju/formy dokumentu Podręczniki
942 ## - DODATKOWE ELEMENTY (KOHA)
Typ dokumentu Książka
Egzemplarze
Wycofany Status egzemplarza Uszkodzony Dostępność Lokalizacja stała Lokalizacja bieżąca Miejsce przechowywania Sygnatura Kod kreskowy Dział Typ dokumentu
      Tylko na miejscu Biblioteka Politechniki Koszalińskiej Biblioteka Politechniki Koszalińskiej Czytelnia Wydziałowa ul. Kwiatkowskiego 6e 68094 02018201 811.111'36 Język angielski - gramatyka Książka
© 2023 Biblioteka Politechniki Koszalińskiej :: KOHA